Spreadsheet method for evaluation of biochemical reaction rate coefficients and their uncertainties by weighted nonlinear least-squares analysis of the integrated monod equation /
Salvato in:
| Autore principale: | |
|---|---|
| Altri autori: | , |
| Natura: | Articolo |
| Lingua: | English |
| Soggetti: | |
| Tags: |
Aggiungi Tag
Nessun Tag, puoi essere il primo ad aggiungerne! !
|
| Thư viện lưu trữ: | Thư viện Trường Đại học Đà Lạt |
|---|
| LEADER | 01061nam a2200313 4500 | ||
|---|---|---|---|
| 001 | DLU090091545 | ||
| 005 | ##20091201 | ||
| 040 | # | # | |a DLU |b eng |
| 041 | # | # | |a eng |
| 044 | # | # | |a us |
| 100 | # | # | |a Smith, Laurence H. |
| 245 | # | # | |a Spreadsheet method for evaluation of biochemical reaction rate coefficients and their uncertainties by weighted nonlinear least-squares analysis of the integrated monod equation / |c Laurence H. Smith, Perry L. McCarty, Peter K. Kitanidis. |
| 653 | # | # | |a Acetate |
| 653 | # | # | |a Biochemical reaction |
| 653 | # | # | |a Metabolism |
| 653 | # | # | |a Nonlinearity |
| 653 | # | # | |a Uncertainty |
| 700 | # | # | |a Kitanidis, Peter K. |
| 700 | # | # | |a McCarty, Perry L. |
| 773 | # | # | |t Applied and Environmental Microbiology |g Vol. 64, no. 6 (June 1998), p. 2044-2050 |
| 920 | # | # | |a Phòng Tạp chí -- Trung tâm Thông tin - Thư viện Trường Đại học Đà Lạt |
| 994 | # | # | |a DLU |
| 900 | # | # | |a True |
| 911 | # | # | |a Trương Bảo Trâm Anh |
| 925 | # | # | |a G |
| 926 | # | # | |a A |
| 927 | # | # | |a BB |
| 980 | # | # | |a Thư viện Trường Đại học Đà Lạt |